00754nam a2200229 a 450000100060000000300060000600500170001200800410002903500190007004000350008904100080012408200250013210000180015724500810017525000170025626000410027330000240031450000880033850400520042665000240047870000220050246669UkOxU20211209054204.0160803s1978 ii b 001 0 eng d a(BD-RjUL)46788 aBD-RjULbengcBD-RjULdBD-RjUL aeng a301.54223bBOI 19781 aBose, Ashish.10aIndia's urbanization, 1901-2001 /cAshish Bose ; assisted by Jatinder Bhatia a2nd rev. ed. aNew Delhi :bTata McGraw-Hill,c1978 axiv, 585 p ;c24 cm aFirst ed. published in 1973 under title: Studies in India's urbanization, 1901-1971 aIncludes bibliographical references and indexes 0aUrbanizationzIndia1 aBhatia, Jatinder.